Komparatívna analýza IFRS 3 a IAS 22

Salvato in:
Dettagli Bibliografici
Autore principale: Parišová, Renáta, 1977-
Natura: Capitolo di libro
Lingua:slovacco
Tags: Aggiungi Tag
Nessun Tag, puoi essere il primo ad aggiungerne!!

MARC

LEADER 00000naa$a2200000$$$4500
001 0062614
005 20240502071716.7
041 0 |a slo 
044 |a SK 
245 1 0 |a Komparatívna analýza IFRS 3 a IAS 22  |c Renáta Parišová 
100 1 |a Parišová, Renáta, 1977-